[Event "Joao Pessoa op"]
[Site "Joao Pessoa"]
[Date "2023.03.18"]
[Round "4"]
[White "Capistrano, Jair Juan De Araujo"]
[Black "Azevedo, Eduardo Jose E"]
[Result "1/2-1/2"]
[WhiteElo "1342"]
[BlackElo "1669"]
[PlyCount "52"]
[EventDate "2023.03.17"]
[EventType "swiss"]
[EventRounds "6"]
[EventCountry "BRA"]
[SourceTitle "EXT 2024"]
[Source "ChessBase"]
[SourceDate "2023.10.10"]
[SourceVersion "1"]
[SourceVersionDate "2023.10.10"]
[SourceQuality "1"]

1. e4 e6 2. d4 d5 3. exd5 exd5 4. Nf3 Bg4 5. c4 Bb4+ 6. Nc3 Bxc3+ 7. bxc3 Ne7 8. h3 Bh5 9. Be2 0-0 10. 0-0 c6 11. Ba3 Re8 12. Re1 Nd7 13. Qb3 Qc7 14. Rac1 Nb6 15. c5 Nc4 16. g4 Bg6 17. Bxc4 dxc4 18. Qxc4 Nd5 19. Ne5 f6 20. Nxg6 hxg6 21. Rcd1 Kf8 22. Qb3 Nf4 23. c4 Ne2+ 24. Kg2 Nf4+ 25. Kg1 Ne2+ 26. Kg2 Nf4+ 1/2-1/2

[Event "Joao Pessoa op"]
[Site "Joao Pessoa"]
[Date "2023.03.17"]
[Round "2"]
[White "Barbosa, Laura Sophia Gomes"]
[Black "Azevedo, Eduardo Jose E"]
[Result "1/2-1/2"]
[WhiteElo "1222"]
[BlackElo "1669"]
[PlyCount "101"]
[EventDate "2023.03.17"]
[EventType "swiss"]
[EventRounds "6"]
[EventCountry "BRA"]
[SourceTitle "EXT 2024"]
[Source "ChessBase"]
[SourceDate "2023.10.10"]
[SourceVersion "1"]
[SourceVersionDate "2023.10.10"]
[SourceQuality "1"]

1. d4 e6 2. Bf4 f5 3. Nf3 d5 4. a3 c6 5. e3 Nf6 6. Nbd2 Bd6 7. Bg3 0-0 8. c4 Qc7 9. Bxd6 Qxd6 10. c5 Qe7 11. Bd3 Nbd7 12. 0-0 Ne4 13. Qc2 Ndf6 14. Ne5 Nxd2 15. Qxd2 Nd7 16. f4 Nxe5 17. fxe5 Bd7 18. b4 Be8 19. Be2 Qg5 20. Rf3 Bg6 21. Raf1 Rf7 22. Rg3 Qe7 23. Rf4 Raf8 24. Qd1 Rb8 25. Bh5 Bxh5 26. Qxh5 g6 27. Qg5 Qxg5 28. Rxg5 b6 29. cxb6 Rxb6 30. Rf2 Ra6 31. Ra2 Rb7 32. g4 Kf7 33. gxf5 exf5 34. Rgg2 Ke6 35. h4 Ra4 36. Rgb2 Rb5 37. Kf2 h6 38. Kf3 g5 39. hxg5 hxg5 40. Kg3 a5 41. bxa5 Rbxa5 42. Rb3 Ra8 43. Rc3 Kd7 44. Rb3 R8a7 45. Ra1 Ke6 46. Ra2 Kf7 47. Ra1 Ke7 48. Ra2 Kd7 49. Ra1 R7a6 50. Rab1 Kc7 51. Ra1 1/2-1/2

[Event "BRA-ch 88th"]
[Site "Recife"]
[Date "2022.12.23"]
[Round "11"]
[White "Lima, Jhonatan William Be"]
[Black "Azevedo, Eduardo Jose E"]
[Result "1/2-1/2"]
[WhiteElo "1796"]
[BlackElo "1651"]
[PlyCount "59"]
[EventDate "2022.12.15"]
[EventType "swiss"]
[EventRounds "11"]
[EventCountry "BRA"]
[SourceTitle "CBM 212 Extra"]
[Source "ChessBase"]
[SourceDate "2023.03.31"]
[SourceVersion "1"]
[SourceVersionDate "2023.03.31"]
[SourceQuality "1"]

1. e4 d6 2. d4 Nf6 3. Nc3 g6 4. Bc4 Nxe4 5. Bxf7+ Kxf7 6. Nxe4 Bg7 7. c3 d5 8. Ng5+ Kg8 9. Qf3 Bf6 10. N1h3 Kg7 11. Nf4 c6 12. Ngh3 Rf8 13. Qe3 Qd6 14. Nd3 Bf5 15. Ne5 Nd7 16. Qh6+ Kg8 17. f4 Bg7 18. Qh4 Bf6 19. Qg3 Bg7 20. Nf2 Nf6 21. 0-0 Ne4 22. Nxe4 Bxe4 23. b4 a5 24. Bd2 axb4 25. cxb4 Qe6 26. a4 Bxe5 27. fxe5 Rxf1+ 28. Rxf1 Rxa4 29. Qf4 Ra8 30. g4 1/2-1/2

[Event "BRA-ch 88th"]
[Site "Recife"]
[Date "2022.12.19"]
[Round "7"]
[White "Simas Neto, Felipe Jairo Novo"]
[Black "Azevedo, Eduardo Jose E"]
[Result "1-0"]
[WhiteElo "1831"]
[BlackElo "1651"]
[PlyCount "33"]
[EventDate "2022.12.15"]
[EventType "swiss"]
[EventRounds "11"]
[EventCountry "BRA"]
[SourceTitle "CBM 212 Extra"]
[Source "ChessBase"]
[SourceDate "2023.03.31"]
[SourceVersion "1"]
[SourceVersionDate "2023.03.31"]
[SourceQuality "1"]

1. e4 b6 2. d4 e6 3. c4 Bb7 4. Bd3 Bb4+ 5. Kf1 f5 6. exf5 Nf6 7. a3 Be7 8. Nc3 0-0 9. fxe6 dxe6 10. h3 Nc6 11. Nf3 Bd6 12. Bg5 h6 13. Bxf6 Qxf6 14. Ne4 Qe7 15. Bc2 g5 16. Qd3 Qh7 17. Nf6+ 1-0

[Event "BRA-ch 88th"]
[Site "Recife"]
[Date "2022.12.17"]
[Round "4"]
[White "Azevedo, Eduardo Jose E"]
[Black "Haraguchi, Diego Sashaki"]
[Result "1/2-1/2"]
[WhiteElo "1651"]
[BlackElo "2057"]
[PlyCount "81"]
[EventDate "2022.12.15"]
[EventType "swiss"]
[EventRounds "11"]
[EventCountry "BRA"]
[SourceTitle "CBM 212 Extra"]
[Source "ChessBase"]
[SourceDate "2023.03.31"]
[SourceVersion "1"]
[SourceVersionDate "2023.03.31"]
[SourceQuality "1"]

1. Nf3 Nf6 2. c4 e6 3. g3 b6 4. Bg2 Bb7 5. 0-0 Be7 6. d4 0-0 7. Nc3 Ne4 8. Qc2 f5 9. b3 Nxc3 10. Qxc3 Bf6 11. Bb2 d6 12. Qd2 Qe7 13. e3 Nd7 14. h4 Rac8 15. Rfd1 Rfd8 16. Rac1 h6 17. d5 e5 18. Bh3 e4 19. Nd4 Bxd4 20. Bxd4 Rf8 21. Qb2 Rce8 22. b4 Qf7 23. a3 c6 24. dxc6 Bxc6 25. c5 bxc5 26. bxc5 Rb8 27. Qa1 d5 28. Be5 Nxe5 29. Qxe5 Qf6 30. Qd4 Rb3 31. Qa1 Qxa1 32. Rxa1 g6 33. Bf1 Rfb8 34. Rdc1 Rb2 35. a4 g5 36. Bb5 Bxb5 37. axb5 R2xb5 38. c6 Kf7 39. c7 Rc8 40. Rc6 Ke8 41. Rxh6 1/2-1/2

[Event "BRA-ch 88th"]
[Site "Recife"]
[Date "2022.12.17"]
[Round "3"]
[White "Da Silva, Arthur Moura Viera"]
[Black "Azevedo, Eduardo Jose E"]
[Result "0-1"]
[WhiteElo "2003"]
[BlackElo "1651"]
[PlyCount "56"]
[EventDate "2022.12.15"]
[EventType "swiss"]
[EventRounds "11"]
[EventCountry "BRA"]
[SourceTitle "CBM 212 Extra"]
[Source "ChessBase"]
[SourceDate "2023.03.31"]
[SourceVersion "1"]
[SourceVersionDate "2023.03.31"]
[SourceQuality "1"]

1. c4 b6 2. d4 e6 3. a3 Bb7 4. Nc3 f5 5. d5 Nf6 6. g3 Be7 7. Nf3 0-0 8. Bg2 a5 9. Nd4 c5 10. Nf3 exd5 11. cxd5 d6 12. 0-0 Na6 13. Qd3 Nc7 14. Ng5 Ng4 15. Nh3 Ne5 16. Qc2 b5 17. Bf4 Ng6 18. Rad1 b4 19. Na4 Nb5 20. Rfe1 Nd4 21. Qb1 Ba6 22. e3 Ne2+ 23. Kh1 Nexf4 24. Nxf4 Nxf4 25. gxf4 Rb8 26. Qc2 Bb5 27. axb4 axb4 28. Bf1 b3 0-1

[Event "BRA-ch Seniors 65"]
[Site "Joao Pessoa"]
[Date "2022.08.19"]
[Round "1"]
[White "Okamura, Milton Kasuo"]
[Black "Azevedo, Eduardo Jose E"]
[Result "1-0"]
[WhiteElo "1993"]
[BlackElo "1672"]
[PlyCount "59"]
[EventDate "2022.08.19"]
[EventType "swiss"]
[EventRounds "5"]
[EventCountry "BRA"]
[SourceTitle "CBM 210 Extra"]
[Source "ChessBase"]
[SourceDate "2022.11.30"]
[SourceVersion "1"]
[SourceVersionDate "2022.11.30"]
[SourceQuality "1"]

1. d4 d5 2. c4 e6 3. Nc3 f5 4. Nf3 c6 5. g3 Nf6 6. Bg2 Bd6 7. 0-0 0-0 8. b3 Ne4 9. Bb2 Nd7 10. a3 Ndf6 11. Qc2 Nxc3 12. Bxc3 Ne4 13. Bb2 Bd7 14. Ne5 Qe7 15. f3 Nf6 16. Nxd7 Qxd7 17. e4 fxe4 18. fxe4 Nxe4 19. Bxe4 dxe4 20. Qxe4 Rae8 21. Kg2 Qe7 22. Rxf8+ Rxf8 23. Re1 Re8 24. a4 Bb4 25. Re2 Kh8 26. Qg4 Bd6 27. Re4 Qf6 28. Qe2 Qe7 29. Rh4 Qf6 30. Qh5 1-0

[Event "BRA-ch sf Reg2 86th"]
[Site "Recife"]
[Date "2019.12.20"]
[Round "2"]
[White "Azevedo, Eduardo Jose E"]
[Black "Lira, Larissa Morais Nasc"]
[Result "1/2-1/2"]
[WhiteElo "1677"]
[BlackElo "1472"]
[PlyCount "73"]
[EventDate "2019.12.19"]
[EventType "swiss"]
[EventRounds "7"]
[EventCountry "BRA"]
[SourceTitle "CBM 194 Extra"]
[Source "ChessBase"]
[SourceDate "2020.03.31"]
[SourceVersion "1"]
[SourceVersionDate "2020.03.31"]
[SourceQuality "1"]

1. d4 d5 2. c4 c6 3. Nc3 Nf6 4. e3 e6 5. Bd3 Nbd7 6. Nf3 b6 7. 0-0 Bb7 8. e4 dxe4 9. Nxe4 Nxe4 10. Bxe4 Nf6 11. Bc2 Be7 12. Bg5 h6 13. Bh4 Nd7 14. Bg3 c5 15. d5 Bf6 16. dxe6 fxe6 17. Bg6+ Kf8 18. Re1 e5 19. Nxe5 Nxe5 20. Bxe5 Bxe5 21. Rxe5 Qd4 22. Qe2 Qd7 23. Rd1 Qc6 24. Be4 Qc7 25. Bxb7 Qxb7 26. Re1 Kg8 27. Re7 Qc6 28. Rd1 Kh7 29. Rdd7 Rhg8 30. Qe4+ Qxe4 31. Rxe4 Rge8 32. Ree7 Rxe7 33. Rxe7 Rd8 34. Kf1 Rd2 35. Re2 Rd1+ 36. Re1 Rd2 37. Re2 1/2-1/2

[Event "Joao Pessoa de Assis Memorial 1st"]
[Site "Joao Pessoa"]
[Date "2019.11.17"]
[Round "5"]
[White "Camara, Jose Arruda"]
[Black "Azevedo, Eduardo Jose E"]
[Result "1-0"]
[WhiteElo "1851"]
[BlackElo "1695"]
[PlyCount "39"]
[EventDate "2019.11.15"]
[EventType "swiss"]
[EventRounds "6"]
[EventCountry "BRA"]
[SourceTitle "EXT 2021"]
[Source "ChessBase"]
[SourceDate "2020.10.23"]
[SourceVersion "1"]
[SourceVersionDate "2020.10.23"]
[SourceQuality "1"]

1. e4 e6 2. d4 d5 3. e5 c5 4. c3 Nc6 5. Nf3 Qb6 6. Bd3 Bd7 7. dxc5 Bxc5 8. 0-0 f6 9. b4 Be7 10. b5 Nxe5 11. Nxe5 fxe5 12. Qh5+ g6 13. Qxe5 Bf6 14. Qe2 Ne7 15. Bb2 Kf7 16. Nd2 e5 17. g4 e4 18. Bc2 Rac8 19. Bb3 g5 20. Nxe4 1-0

[Event "Joao Pessoa de Assis Memorial 1st"]
[Site "Joao Pessoa"]
[Date "2019.11.15"]
[Round "1"]
[White "Asfora, Marco Antonio Hazin"]
[Black "Azevedo, Eduardo Jose E"]
[Result "1-0"]
[WhiteElo "2210"]
[BlackElo "1695"]
[PlyCount "55"]
[EventDate "2019.11.15"]
[EventType "swiss"]
[EventRounds "6"]
[EventCountry "BRA"]
[SourceTitle "CBM 193 Extra"]
[Source "ChessBase"]
[SourceDate "2020.01.31"]
[SourceVersion "1"]
[SourceVersionDate "2020.01.31"]
[SourceQuality "1"]

1. d4 e6 2. e4 d5 3. Nc3 Bb4 4. e5 c5 5. a3 Bxc3+ 6. bxc3 Qa5 7. Bd2 Qa4 8. Qb1 c4 9. g3 Nc6 10. Ne2 Nge7 11. h4 Bd7 12. Bh3 0-0-0 13. 0-0 h6 14. h5 g6 15. Qc1 Rh7 16. Nf4 g5 17. Ng2 Rg8 18. g4 Nf5 19. Kh2 Nh4 20. Nxh4 gxh4 21. Bxh6 Qa5 22. Qd2 Qd8 23. f3 f6 24. exf6 Qxf6 25. g5 Qf7 26. g6 Rxg6 27. hxg6 Qxg6 28. Bf4 1-0

[Event "American Continental 15th"]
[Site "Sao Paulo"]
[Date "2019.07.11"]
[Round "9"]
[White "Souza dos Santos, Matheus Garcett"]
[Black "Azevedo, Eduardo Jose E"]
[Result "1-0"]
[WhiteElo "1874"]
[BlackElo "1738"]
[PlyCount "115"]
[EventDate "2019.07.05"]
[EventType "swiss"]
[EventRounds "11"]
[EventCountry "BRA"]
[SourceTitle "CBM 191 Extra"]
[Source "ChessBase"]
[SourceDate "2019.09.30"]
[SourceVersion "1"]
[SourceVersionDate "2019.09.30"]
[SourceQuality "1"]

1. e4 d6 2. d4 Nf6 3. Nc3 g6 4. f4 Bg7 5. Nf3 0-0 6. e5 Nfd7 7. Ne4 d5 8. Nf2 e6 9. Bd3 c5 10. c3 b6 11. Qe2 a5 12. h4 Ba6 13. h5 Bxd3 14. Qxd3 f5 15. hxg6 hxg6 16. Ng5 Re8 17. Nh7 Nf8 18. Nxf8 Rxf8 19. Be3 cxd4 20. Qxd4 Nc6 21. Qxb6 Qxb6 22. Bxb6 Rfb8 23. Be3 Rxb2 24. 0-0 Rab8 25. Nd3 Re2 26. Rfe1 Rxe1+ 27. Rxe1 Bf8 28. Kf2 Rb7 29. Rh1 Nd8 30. Rc1 Nc6 31. Ke2 Ba3 32. Rg1 Bf8 33. Kd2 Kf7 34. Kc2 Rb5 35. a4 Rb8 36. Rh1 Bg7 37. Nc5 Rh8 38. Rxh8 Bxh8 39. Nb7 Bg7 40. Kd3 Bf8 41. Ke2 Ke8 42. Bb6 Kd7 43. Nxa5 Nb8 44. Nb3 Kc6 45. Be3 Na6 46. Nd4+ Kd7 47. Nf3 Be7 48. Bf2 Kc7 49. Bh4 Bc5 50. Bf2 Be7 51. Kd3 Bc5 52. Bd4 Be7 53. Kc2 Kb7 54. Kb3 Nb8 55. Bf2 Kc7 56. a5 Nc6 57. Ka4 Kb7 58. Kb5 1-0

[Event "American Continental 15th"]
[Site "Sao Paulo"]
[Date "2019.07.09"]
[Round "7"]
[White "Haraguchi, Matheus Sashaki"]
[Black "Azevedo, Eduardo Jose E"]
[Result "0-1"]
[WhiteElo "1555"]
[BlackElo "1738"]
[PlyCount "86"]
[EventDate "2019.07.05"]
[EventType "swiss"]
[EventRounds "11"]
[EventCountry "BRA"]
[SourceTitle "CBM 191 Extra"]
[Source "ChessBase"]
[SourceDate "2019.09.30"]
[SourceVersion "1"]
[SourceVersionDate "2019.09.30"]
[SourceQuality "1"]

1. c4 e6 2. g3 f5 3. Bg2 Nf6 4. Nc3 d5 5. d4 c6 6. b3 Bd6 7. Nf3 Nbd7 8. 0-0 0-0 9. Bb2 Ne4 10. Nxe4 fxe4 11. Nd2 Nf6 12. e3 Bd7 13. Rc1 Be8 14. Qc2 Bg6 15. a3 a5 16. c5 Bc7 17. b4 axb4 18. axb4 Qe7 19. Ra1 e5 20. Nb3 Ng4 21. Rxa8 Rxa8 22. Ra1 Rf8 23. Rf1 exd4 24. Bxd4 Ne5 25. Bxe5 Bxe5 26. Qa2 Bh5 27. Rb1 Qf6 28. Na5 Bf3 29. Nxb7 Bxg2 30. Kxg2 Qf3+ 31. Kg1 h5 32. h4 Bxg3 33. fxg3 Qxg3+ 34. Qg2 Qxe3+ 35. Kh1 Rf2 36. Rb3 Qe1+ 37. Kh2 Rxg2+ 38. Kxg2 Qd2+ 39. Kg3 e3 40. Nd8 Qf2+ 41. Kh3 e2 42. Rb2 Qf3+ 43. Kh2 e1Q 0-1

[Event "American Continental 15th"]
[Site "Sao Paulo"]
[Date "2019.07.08"]
[Round "5"]
[White "Japiassu, Glauco Antonio Beze"]
[Black "Azevedo, Eduardo Jose E"]
[Result "1/2-1/2"]
[WhiteElo "1526"]
[BlackElo "1738"]
[PlyCount "83"]
[EventDate "2019.07.05"]
[EventType "swiss"]
[EventRounds "11"]
[EventCountry "BRA"]
[SourceTitle "CBM 191 Extra"]
[Source "ChessBase"]
[SourceDate "2019.09.30"]
[SourceVersion "1"]
[SourceVersionDate "2019.09.30"]
[SourceQuality "1"]

1. d4 e6 2. Bf4 d5 3. e3 Bd6 4. Bg3 f5 5. Nf3 Nf6 6. c3 0-0 7. Nbd2 c6 8. Bd3 Qc7 9. Ne5 Nbd7 10. Ndf3 Ne4 11. Nxd7 Bxd7 12. Bxd6 Qxd6 13. Ne5 Be8 14. Bxe4 fxe4 15. 0-0 Rf6 16. b4 Rh6 17. a3 Bh5 18. Qd2 Rf8 19. Rac1 Qe7 20. f4 exf3 21. Nxf3 Bxf3 22. Rxf3 Rxf3 23. gxf3 Qg5+ 24. Kh1 Rg6 25. f4 Qg4 26. Qf2 Qf5 27. Rg1 Qe4+ 28. Rg2 Rxg2 29. Qxg2 Qxe3 30. Qg5 Qe4+ 31. Kg1 Qg6 32. Qxg6 hxg6 33. Kg2 b5 34. Kg3 Kf7 35. Kg4 Kf6 36. h3 Ke7 37. Kg5 Kf7 38. h4 a6 39. Kg4 Kf6 40. Kg3 Ke7 41. Kg4 Kf6 42. Kg3 1/2-1/2

[Event "American Continental 15th"]
[Site "Sao Paulo"]
[Date "2019.07.07"]
[Round "4"]
[White "Azevedo, Eduardo Jose E"]
[Black "Nobre, Jose Adalberto Barb"]
[Result "0-1"]
[WhiteElo "1738"]
[BlackElo "1577"]
[PlyCount "80"]
[EventDate "2019.07.05"]
[EventType "swiss"]
[EventRounds "11"]
[EventCountry "BRA"]
[SourceTitle "CBM 191 Extra"]
[Source "ChessBase"]
[SourceDate "2019.09.30"]
[SourceVersion "1"]
[SourceVersionDate "2019.09.30"]
[SourceQuality "1"]

1. d4 g6 2. e4 Bg7 3. Nc3 d6 4. Be3 Nc6 5. Qd2 e5 6. d5 Nce7 7. 0-0-0 Bd7 8. h4 h5 9. f3 Nf6 10. Nh3 a6 11. Nf2 b5 12. g3 b4 13. Ne2 a5 14. Bh3 Bb5 15. Bf1 Qb8 16. Kb1 Nc8 17. Nc1 Bxf1 18. Rhxf1 Nb6 19. Qd3 Na4 20. Ka1 Nd7 21. Nb3 0-0 22. g4 Nf6 23. Bg5 Nd7 24. gxh5 Nac5 25. Nxc5 Nxc5 26. Qd2 Qb5 27. Rg1 a4 28. Nd3 b3 29. Nxc5 Qxc5 30. a3 bxc2 31. Rc1 Rab8 32. Qxc2 Qb5 33. Be3 Kh7 34. Rb1 Qb3 35. hxg6+ fxg6 36. Qg2 Rf6 37. Qg5 Kg8 38. h5 Qd3 39. hxg6 Rb3 40. Rge1 Rxa3+ 0-1

[Event "Recife Tavares Memorial 2nd"]
[Site "Recife"]
[Date "2019.05.10"]
[Round "1"]
[White "De Lima, Alexsandro Barros"]
[Black "Azevedo, Eduardo Jose E"]
[Result "1-0"]
[WhiteElo "2215"]
[BlackElo "1756"]
[PlyCount "35"]
[EventDate "2019.05.10"]
[EventType "swiss"]
[EventRounds "6"]
[EventCountry "BRA"]
[SourceTitle "CBM 190 Extra"]
[Source "ChessBase"]
[SourceDate "2019.07.15"]
[SourceVersion "1"]
[SourceVersionDate "2019.07.15"]
[SourceQuality "1"]

1. e4 e6 2. Qe2 Bc5 3. Nf3 Nc6 4. c3 d5 5. d3 Nf6 6. g3 Be7 7. Bg2 0-0 8. 0-0 b6 9. Nbd2 Bb7 10. e5 Nd7 11. Re1 Re8 12. Nf1 f6 13. exf6 Bxf6 14. h4 Nf8 15. N1h2 d4 16. c4 e5 17. Ng5 h6 18. Bd5+ 1-0

[Event "BRA-ch North-Northeast U1800"]
[Site "Fortaleza"]
[Date "2019.04.26"]
[Round "1.3"]
[White "Azevedo, Eduardo Jose E"]
[Black "Silva, Caio Marques"]
[Result "0-1"]
[WhiteElo "1766"]
[BlackElo "1678"]
[PlyCount "106"]
[EventDate "2019.04.26"]
[EventType "swiss"]
[EventRounds "6"]
[EventCountry "BRA"]
[SourceTitle "EXT 2022"]
[Source "ChessBase"]
[SourceDate "2021.10.06"]
[SourceVersion "1"]
[SourceVersionDate "2021.10.06"]
[SourceQuality "1"]

1. d4 d5 2. Bg5 c6 3. c3 h6 4. Bh4 Bf5 5. e3 Nd7 6. Bd3 Bxd3 7. Qxd3 Ngf6 8. Nf3 e6 9. Nbd2 Be7 10. 0-0 0-0 11. h3 Re8 12. Rfe1 Bd6 13. e4 dxe4 14. Nxe4 Be7 15. Nxf6+ Bxf6 16. Bxf6 Qxf6 17. Ne5 Rad8 18. Qe3 Nxe5 19. Qxe5 Qxe5 20. Rxe5 Rd5 21. Rae1 Red8 22. R1e2 Rxe5 23. Rxe5 Rd5 24. Kf1 Kf8 25. Ke2 Ke7 26. Rxd5 exd5 27. b3 Kd6 28. Kd3 b6 29. f4 h5 30. g4 Ke6 31. c4 hxg4 32. hxg4 Kd6 33. b4 dxc4+ 34. Kxc4 b5+ 35. Kd3 Kd5 36. f5 f6 37. a3 a6 38. Ke3 Kc4 39. Ke4 Kb3 40. d5 cxd5+ 41. Kxd5 Kxa3 42. Ke6 Kxb4 43. Kf7 Kc3 44. Kxg7 b4 45. Kxf6 b3 46. g5 b2 47. g6 b1Q 48. g7 Qb6+ 49. Kf7 Qb7+ 50. Kg6 Qg2+ 51. Kf7 Kd4 52. g8Q Qxg8+ 53. Kxg8 Ke5 0-1

[Event "BRA-ch North-Northeast U1800"]
[Site "Fortaleza"]
[Date "2019.04.26"]
[Round "2.10"]
[White "Costa Normando, Mario Alexandre"]
[Black "Azevedo, Eduardo Jose E"]
[Result "0-1"]
[WhiteElo "1666"]
[BlackElo "1766"]
[PlyCount "52"]
[EventDate "2019.04.26"]
[EventType "swiss"]
[EventRounds "6"]
[EventCountry "BRA"]
[SourceTitle "EXT 2022"]
[Source "ChessBase"]
[SourceDate "2021.10.06"]
[SourceVersion "1"]
[SourceVersionDate "2021.10.06"]
[SourceQuality "1"]

1. c4 e6 2. g3 f5 3. Bg2 Nf6 4. Nf3 c6 5. Nc3 d5 6. cxd5 exd5 7. e3 Bd6 8. b3 0-0 9. Bb2 Nbd7 10. Rc1 Ne5 11. d3 Qe7 12. 0-0 Bd7 13. Nxe5 Bxe5 14. d4 Bd6 15. Qd3 Rae8 16. Rfe1 Ne4 17. h4 Qf7 18. Ne2 h6 19. Nf4 g5 20. hxg5 hxg5 21. Nh3 Qh5 22. Qd1 Qh6 23. a3 f4 24. g4 f3 25. Bxf3 Qxh3 26. Bxe4 Qh2+ 0-1

[Event "Recife Rafael Cabral Cup 6th"]
[Site "Recife"]
[Date "2018.09.30"]
[Round "5"]
[White "Urquiza, Marcello de Albuque"]
[Black "Azevedo, Eduardo Jose E"]
[Result "1-0"]
[WhiteElo "2082"]
[BlackElo "1768"]
[PlyCount "83"]
[EventDate "2018.09.28"]
[EventType "swiss"]
[EventRounds "6"]
[EventCountry "BRA"]
[SourceTitle "EXT 2020"]
[Source "ChessBase"]
[SourceDate "2019.10.17"]
[SourceVersion "1"]
[SourceVersionDate "2019.10.17"]
[SourceQuality "1"]

1. e4 e5 2. Nf3 Nc6 3. Bb5 a6 4. Ba4 d6 5. d4 b5 6. Bb3 Nxd4 7. Nxd4 exd4 8. Bd5 Rb8 9. Qxd4 Bd7 10. e5 dxe5 11. Qxe5+ Qe7 12. Bf4 Nf6 13. Bf3 Qxe5+ 14. Bxe5 Bb4+ 15. c3 Ba5 16. Bxf6 gxf6 17. 0-0 0-0 18. Nd2 Bb6 19. Ne4 Kg7 20. Rfd1 Bc6 21. Nd2 Bxf3 22. Nxf3 Rfd8 23. Kf1 c5 24. Ng1 Rxd1+ 25. Rxd1 Rd8 26. Rxd8 Bxd8 27. Ke2 Kg6 28. f4 Kf5 29. Kf3 h5 30. Ne2 h4 31. g4+ Ke6 32. Ke4 f5+ 33. gxf5+ Kf6 34. Ng1 Ke7 35. Nf3 Ke8 36. b3 Bf6 37. c4 bxc4 38. bxc4 Be7 39. Kd5 Kd7 40. Ne5+ Ke8 41. h3 Bf8 42. Nd3 1-0

[Event "Joao Pessoa Fischer Memorial 9th"]
[Site "Joao Pessoa"]
[Date "2018.03.17"]
[Round "3"]
[White "Andrade, Roberto Luiz Costa"]
[Black "Azevedo, Eduardo Jose E"]
[Result "1-0"]
[WhiteElo "2065"]
[BlackElo "1764"]
[PlyCount "75"]
[EventDate "2018.03.16"]
[EventType "swiss"]
[EventRounds "6"]
[EventCountry "BRA"]
[SourceTitle "CBM 183 Extra"]
[Source "ChessBase"]
[SourceDate "2018.04.19"]
[SourceVersion "1"]
[SourceVersionDate "2018.04.19"]
[SourceQuality "1"]

1. e4 d6 2. d4 Nf6 3. Nc3 g6 4. f4 Bg7 5. e5 dxe5 6. dxe5 Qxd1+ 7. Kxd1 Ng4 8. Nb5 Na6 9. Ke1 c6 10. Nc3 Nc7 11. h3 Nh6 12. g4 f6 13. Nf3 fxe5 14. Nxe5 Nf7 15. Nxf7 Kxf7 16. Ne4 h6 17. Bd3 Rf8 18. Ng3 Bf6 19. Rf1 Bh4 20. Kf2 Kg7 21. Kg2 Bxg3 22. Kxg3 e6 23. Bd2 Bd7 24. c4 h5 25. Bc3+ Kh6 26. Rad1 Rad8 27. g5+ Kh7 28. Bf6 Rc8 29. Bxg6+ Kxg6 30. Rxd7 Rf7 31. Rfd1 Rcf8 32. b4 Ne8 33. Be5 Ng7 34. Bxg7 Rxg7 35. Rxg7+ Kxg7 36. Rd7+ Rf7 37. Rxf7+ Kxf7 38. Kf3 1-0

[Event "Joao Pessoa Fischer Memorial 9th"]
[Site "Joao Pessoa"]
[Date "2018.03.16"]
[Round "2"]
[White "Azevedo, Eduardo Jose E"]
[Black "Born, Ary"]
[Result "1-0"]
[WhiteElo "1764"]
[BlackElo "1387"]
[PlyCount "55"]
[EventDate "2018.03.16"]
[EventType "swiss"]
[EventRounds "6"]
[EventCountry "BRA"]
[SourceTitle "CBM 183 Extra"]
[Source "ChessBase"]
[SourceDate "2018.04.19"]
[SourceVersion "1"]
[SourceVersionDate "2018.04.19"]
[SourceQuality "1"]

1. e4 e6 2. d4 d5 3. Nc3 dxe4 4. Nxe4 Nf6 5. Bg5 Nbd7 6. Bd3 Be7 7. Bxf6 Nxf6 8. Nxf6+ Bxf6 9. Nf3 c6 10. c3 Qc7 11. Qe2 h6 12. 0-0-0 Qf4+ 13. Kb1 a5 14. g3 Qc7 15. Ne5 0-0 16. h4 a4 17. Qe4 Rd8 18. a3 Rd5 19. Ng4 Rf5 20. Nxf6+ Rxf6 21. Rhf1 b5 22. Qh7+ Kf8 23. Qh8+ Ke7 24. Qxg7 Bd7 25. g4 b4 26. cxb4 Qf4 27. g5 Rf5 28. Bxf5 1-0

[Event "Agua Preta op"]
[Site "Agua Preta"]
[Date "2017.11.25"]
[Round "4"]
[White "Chang, Suzana"]
[Black "Azevedo, Eduardo Jose E"]
[Result "1-0"]
[WhiteElo "2065"]
[BlackElo "1766"]
[PlyCount "59"]
[EventDate "2017.11.24"]
[EventType "swiss"]
[EventRounds "6"]
[EventCountry "BRA"]
[SourceTitle "CBM 181 Extra"]
[Source "ChessBase"]
[SourceDate "2017.12.12"]
[SourceVersion "1"]
[SourceVersionDate "2017.12.12"]
[SourceQuality "1"]

1. d4 e6 2. g3 f5 3. Bg2 d5 4. Nh3 c6 5. 0-0 Nf6 6. c4 Bd6 7. Bf4 Bxf4 8. Nxf4 0-0 9. Nd2 Qe7 10. Rc1 Nbd7 11. Qc2 Ne4 12. Nf3 Kh8 13. Nd3 g5 14. Nfe5 Ndf6 15. f3 Nd6 16. c5 Nf7 17. Rce1 Nd7 18. Nxf7+ Qxf7 19. e4 f4 20. Re2 Qg7 21. Qc3 Nf6 22. Ne5 Bd7 23. Qe1 Rae8 24. Bh3 Bc8 25. Kh1 Qh6 26. Bg4 Qg7 27. gxf4 gxf4 28. Qh4 Nxg4 29. Rg1 Qf6 30. Rxg4 1-0

[Event "Recife Arraes Memorial 10th"]
[Site "Recife"]
[Date "2017.10.07"]
[Round "4"]
[White "Azevedo, Eduardo Jose E"]
[Black "Bastos, Arthur de Sousa"]
[Result "1-0"]
[WhiteElo "1768"]
[BlackElo "1680"]
[PlyCount "79"]
[EventDate "2017.10.06"]
[EventType "swiss"]
[EventRounds "6"]
[EventCountry "BRA"]
[SourceTitle "CBM 181 Extra"]
[Source "ChessBase"]
[SourceDate "2017.12.12"]
[SourceVersion "1"]
[SourceVersionDate "2017.12.12"]
[SourceQuality "1"]

1. e4 c5 2. Nf3 d6 3. Bb5+ Bd7 4. Bxd7+ Nxd7 5. d4 cxd4 6. Qxd4 e5 7. Qd1 Ngf6 8. Nc3 Be7 9. 0-0 0-0 10. Qe2 Nb6 11. Rd1 d5 12. exd5 e4 13. Nxe4 Nfxd5 14. c4 f5 15. Neg5 Bxg5 16. Bxg5 Re8 17. Qf1 Qd7 18. cxd5 h6 19. Be3 Nxd5 20. Bd4 Re4 21. Be5 Qe6 22. Qb5 Nb6 23. Rd6 Qc4 24. Qb3 Rc8 25. Rc1 Qxb3 26. Rxc8+ Nxc8 27. Rd8+ Kf7 28. axb3 Nb6 29. Kf1 g5 30. Rd4 Ke6 31. Bg7 Nc8 32. Rxe4+ fxe4 33. Nd2 Nd6 34. Bxh6 Kf5 35. Bf8 Nb5 36. Bc5 b6 37. Be3 Nd6 38. Nc4 Nxc4 39. bxc4 g4 40. Ke2 1-0